000 01126nam a22002177a 4500
999 _c59075
_d59075
003 Ge_BSU
005 20221117104132.0
008 221117s2009 ge ||||| |||| 00| 0 geo d
020 _a9789941409349
041 _ageo
080 _a343.13 ა-13
100 _aაბაშიძე, გივი
_91912
245 _aსახელმწიფო ბრალდების მხარდაჭერისთვის მომზადების ტაქტიკა და მისი დაგეგმვა
_cგივი აბაშიძე; რედაქტორი: ა. მახარაძე.
264 _aბათუმი :
_bშოთა რუსთაველის სახელმწიფო უნივერსიტეტი,
_c2009.
300 _a63 გვ.;
_b20 სმ.
504 _aბიბლიოგრ. გვ. 62-63
653 _aსისხლის სამართლის პროცესი
653 _aსისხლის სამართალი
700 _aმახარაძე, ა.
_eრედაქტორი
_915872
942 _2udc
_cBK